000 00578nam a22001577a 4500
005 20090212112726.0
008 090212t xxu||||| |||| 00| 0 eng d
082 _a230.35
245 _aSanathana Sarathi
260 _aPrasanthi Nilayam
_bSri Sathya Sai Books & Publications
_c2008-
300 _av.
_c24 cm
310 _amonthly
270 _k0091-08555-287375
_l287390
_meditor@sssbpt.org
942 _2ddc
_cSR
_h230.35
_mSAN
_s1
999 _c23532
_d23532